<?xml version="1.0" encoding="UTF-8"?>
<record
    xmlns:xsi="http://www.w3.org/2001/XMLSchema-instance"
    xsi:schemaLocation="http://www.loc.gov/MARC21/slim http://www.loc.gov/standards/marcxml/schema/MARC21slim.xsd"
    xmlns="http://www.loc.gov/MARC21/slim">

  <leader>00985cam a22002654a 4500</leader>
  <controlfield tag="001">78190</controlfield>
  <controlfield tag="003">BD-RjUL</controlfield>
  <controlfield tag="005">20211209083111.0</controlfield>
  <controlfield tag="008">210408s20031424ua       d    000 0 ara  </controlfield>
  <datafield tag="020" ind1=" " ind2=" ">
    <subfield code="a">977-300-130-9</subfield>
  </datafield>
  <datafield tag="035" ind1=" " ind2=" ">
    <subfield code="a">(BD-RjUL)78416</subfield>
  </datafield>
  <datafield tag="040" ind1=" " ind2=" ">
    <subfield code="a">DLC</subfield>
    <subfield code="c">DLC</subfield>
    <subfield code="b">eng</subfield>
  </datafield>
  <datafield tag="041" ind1=" " ind2=" ">
    <subfield code="a">ara</subfield>
  </datafield>
  <datafield tag="066" ind1=" " ind2=" ">
    <subfield code="c">(3</subfield>
  </datafield>
  <datafield tag="082" ind1=" " ind2=" ">
    <subfield code="2">23</subfield>
    <subfield code="a">892.703</subfield>
    <subfield code="b">RAM 2003</subfield>
  </datafield>
  <datafield tag="100" ind1="1" ind2=" ">
    <subfield code="a"> &#x631;&#x627;&#x632;&#x64A;, &#x645;&#x62D;&#x645;&#x62F; &#x628;&#x646; &#x627;&#x628;&#x64A; &#x628;&#x643;&#x631; &#x628;&#x646; &#x639;&#x628;&#x62F;&#x627;&#x644;&#x642;&#x627;&#x62F;&#x631;  ;;Razi, Mohammed bin Abi Bakr bin Abdul Qadir </subfield>
    <subfield code="d">active 1261.</subfield>
    <subfield code="9">246889</subfield>
  </datafield>
  <datafield tag="245" ind1="1" ind2="0">
    <subfield code="a">&#x645;&#x62E;&#x62A;&#x627;&#x631; &#x627;&#x644;&#x635;&#x62D;&#x627;&#x62D;  ;; Mukht&#x101;r al-&#x1E62;i&#x1E25;&#x101;&#x1E25; /</subfield>
    <subfield code="c">&#x644;&#x645;&#x62D;&#x645;&#x62F; &#x628;&#x646; &#x623;&#x628;&#x64A; &#x628;&#x643;&#x631; &#x628;&#x646; &#x639;&#x628;&#x629; &#x627;&#x644;&#x642;&#x627;&#x62F;&#x631; &#x627;&#x644;&#x631;&#x627;&#x632;&#x64A;.  ;; li-Mu&#x1E25;ammad ibn Ab&#x12B; Bakr ibn &#x2BB;Abd al-Q&#x101;dir al-R&#x101;z&#x12B;</subfield>
  </datafield>
  <datafield tag="250" ind1=" " ind2=" ">
    <subfield code="a">al-&#x1E6C;ab&#x2BB;ah 1.</subfield>
  </datafield>
  <datafield tag="260" ind1=" " ind2=" ">
    <subfield code="a">&#x627;&#x644;&#x642;&#x627;&#x647;&#x631;&#x629; :</subfield>
    <subfield code="b">&#x62F;&#x627;&#x631; &#x627;&#x644;&#x62D;&#x62F;&#x64A;&#x62B;,</subfield>
    <subfield code="c">2003</subfield>
  </datafield>
  <datafield tag="300" ind1=" " ind2=" ">
    <subfield code="a">399 p. ;</subfield>
    <subfield code="c">25 cm.</subfield>
  </datafield>
  <datafield tag="650" ind1=" " ind2="0">
    <subfield code="a">Arabic language</subfield>
    <subfield code="v">Dictionaries</subfield>
    <subfield code="v">Early works to 1800.</subfield>
    <subfield code="9">246890</subfield>
  </datafield>
  <datafield tag="942" ind1=" " ind2=" ">
    <subfield code="2">ddc</subfield>
    <subfield code="c">REF</subfield>
  </datafield>
  <datafield tag="999" ind1=" " ind2=" ">
    <subfield code="c">78190</subfield>
    <subfield code="d">78190</subfield>
  </datafield>
  <datafield tag="952" ind1=" " ind2=" ">
    <subfield code="0">0</subfield>
    <subfield code="1">0</subfield>
    <subfield code="2">ddc</subfield>
    <subfield code="4">0</subfield>
    <subfield code="7">1</subfield>
    <subfield code="8">REF</subfield>
    <subfield code="a">RUCL</subfield>
    <subfield code="b">RUCL</subfield>
    <subfield code="c">Reference</subfield>
    <subfield code="d">2009-11-18</subfield>
    <subfield code="e">Ahsania mission , Dhaka </subfield>
    <subfield code="g">500.00</subfield>
    <subfield code="l">0</subfield>
    <subfield code="o">A 492.703 RAM 2003</subfield>
    <subfield code="r">2021-04-08 00:00:00</subfield>
    <subfield code="t">C-1</subfield>
    <subfield code="w">2021-04-08</subfield>
    <subfield code="y">REF</subfield>
  </datafield>
</record>
